000 00895nam a22001217a 4500
082 _a894.812.3
_bTAG/K
100 _aRAVEENDRANATHA TAGORE
245 _aKABOOLIVALA
260 _aTHRISSUR
_bH & C BOOKS
_c2010
300 _a48
520 _a“Kabuliwallah” opens with the narrator describing his five-year-old daughter, Mini. She “can’t stop talking for a minute” and is frequently scolded by her mother for it. The narrator, on the other hand, thinks that it’s “unnatural” when Mini is quiet, and so he spends a lot of time talking to her and answering her many questions. One morning, Mini chats with her father while he’s working on an adventure novel. She looks out the window and spots a Kabuliwallah named Rahamat and starts calling to him. However, when he comes over, Mini runs into another room, convinced that his large bags are full of children, not goods.
942 _cBK
999 _c7630
_d7630